000 00711cam a22002533a 4500
001 18689
003 PGUSA
005 20140828083410.0
008 060626s2006||||xxu|||||s|||||000 1 eng d
040 _aPGUSA
_beng
042 _adc
050 4 _aPS
100 1 _aWarner, Susan,
_d1819-1885
245 1 4 _aThe Wide, Wide World
_h[electronic resource] /
_cSusan Warner
260 _bProject Gutenberg,
_c2006
506 _aPublic domain in the USA.
516 _aElectronic text
653 _aYoung women -- Fiction
653 _aConduct of life -- Fiction
653 _aChristian life -- Fiction
830 0 _aProject Gutenberg
_v18689
856 4 0 _uhttp://www.gutenberg.org/ebooks/18689
942 _cEB
999 _c247944
_d247944